000 00419nam a22001457a 4500
005 20251110174723.0
008 210726b ||||| |||| 00| 0 eng d
040 _aCENDOC CAAAP
_bspa
_cCAAAP
041 _aspa
050 _aHD 1902
_b.S37
245 _aPerú : el problema agrario en debate. SEPIA XII /
_cSeminario Permanente de Investigación Agraria
250 _a1ra ed.
942 _2lcc
_b26 - 07 - 21
_cBK
999 _c1968
_d1968